[Event "3rd EUR-ch"]
[Site "Batumi GEO"]
[Date "2002.06.15"]
[Round "4"]
[White "Yagupov, Igor"]
[Black "Galkin, Alexander"]
[Result "1/2-1/2"]
[WhiteElo "2474"]
[BlackElo "2569"]
[EventDate "2002.06.12"]
[PlyCount "39"]

1.e4 c6 2.d4 d5 3.Nc3 dxe4 4.Nxe4 Nd7 5.Ng5 Ngf6 6.Bc4 e6 7.Qe2 Nb6 8.Bb3 
h6 9.N5f3 c5 10.dxc5 Nbd7 11.c6 bxc6 12.c3 Be7 13.Nd4 Qb6 14.Ngf3 c5 15.
Nb5 O-O 16.O-O Bb7 17.c4 a6 18.Nc3 Qc7 19.Bc2 Rfd8 20.Re1 1/2-1/2

[Event "3rd EUR-ch"]
[Site "Batumi GEO"]
[Date "2002.06.15"]
[Round "4"]
[White "Alexandrov, Alexei"]
[Black "Malakhatko, Vadim"]
[Result "1-0"]
[WhiteElo "2654"]
[BlackElo "2517"]
[EventDate "2002.06.12"]
[PlyCount "93"]

1.d4 Nf6 2.c4 e6 3.Nc3 Bb4 4.e3 O-O 5.Bd3 d5 6.cxd5 exd5 7.Ne2 Re8 8.Bd2 
c5 9.a3 Bxc3 10.Bxc3 c4 11.Bc2 Nc6 12.O-O a5 13.b3 b5 14.bxc4 dxc4 15.Nf4 
Ne4 16.Bxe4 Rxe4 17.d5 Ne5 18.Qb1 Bf5 19.Qxb5 Nd3 20.Nxd3 Rb8 21.Qxa5 cxd3
22.Rab1 Re8 23.Rxb8 Qxb8 24.d6 Qc8 25.Rc1 h6 26.f3 Qd7 27.e4 Be6 28.Bb4 
Rc8 29.Rxc8+ Qxc8 30.Qc7 Qe8 31.Qc3 Qb5 32.Qd4 f6 33.Kf2 Kf7 34.h4 h5 35.
f4 Bd7 36.Ke3 Bc6 37.Qxd3 Qxd3+ 38.Kxd3 g6 39.f5 gxf5 40.exf5 Ke8 41.g3 
Kd7 42.Ke3 Ba4 43.Kf4 Bd1 44.Bc3 Kxd6 45.Bxf6 Kd7 46.Kg5 Ke8 47.Kg6 1-0

[Event "3rd EUR-ch"]
[Site "Batumi GEO"]
[Date "2002.06.15"]
[Round "4"]
[White "Minasian, Ara"]
[Black "Kacheishvili, Giorgi"]
[Result "1/2-1/2"]
[WhiteElo "2473"]
[BlackElo "2584"]
[EventDate "2002.06.12"]
[PlyCount "120"]

1.a3 Nf6 2.c4 e6 3.Nf3 d5 4.e3 c5 5.d4 cxd4 6.exd4 dxc4 7.Bxc4 a6 8.O-O b5
9.Ba2 Bb7 10.Nc3 Be7 11.Bg5 O-O 12.Qd3 Nc6 13.Rad1 b4 14.Bb1 g6 15.Na4 Nd5
16.Bh6 Re8 17.Rc1 a5 18.Rfd1 Rc8 19.Ba2 Nf6 20.h3 Bf8 21.Bxf8 Rxf8 22.Nc5 
Qe7 23.Qe3 Rfe8 24.d5 exd5 25.Qxe7 Rxe7 26.Nxb7 Rxb7 27.Bxd5 Rbc7 28.Rxc6 
Rxc6 29.Bxc6 Rxc6 30.axb4 axb4 31.Rd4 Rc1+ 32.Kh2 Rc2 33.Rxb4 Rxf2 34.Kg3 
Re2 35.Nd4 Re4 36.Nc2 Re5 37.Rc4 Kf8 38.b4 Ke7 39.Kf3 h5 40.Nd4 Rd5 41.
Nc6+ Kd6 42.Nd4 Nd7 43.Rc6+ Ke7 44.Ke3 Rg5 45.Rc2 Kd6 46.Nf3 Rb5 47.Rd2+ 
Kc7 48.Rc2+ Kb7 49.Rc4 Nb6 50.Re4 Rf5 51.Kd4 Nd5 52.Re5 Rxe5 53.Kxe5 Ne3 
54.Ne1 h4 55.Kf6 Kc6 56.Kxf7 g5 57.Kg6 g4 58.hxg4 Nxg4 59.Kg5 Ne3 60.Kxh4 
Nxg2+ 1/2-1/2

[Event "3rd EUR-ch"]
[Site "Batumi GEO"]
[Date "2002.06.15"]
[Round "4"]
[White "Macieja, Bartlomiej"]
[Black "Maherramzade, Javad"]
[Result "1-0"]
[WhiteElo "2584"]
[BlackElo "2493"]
[EventDate "2002.06.12"]
[PlyCount "107"]

1.e4 c6 2.d4 d5 3.Nc3 dxe4 4.Nxe4 Bf5 5.Ng3 Bg6 6.h4 h6 7.Nf3 Nd7 8.h5 Bh7
9.Bd3 Bxd3 10.Qxd3 e6 11.Bf4 Bb4+ 12.c3 Be7 13.O-O-O Ngf6 14.Kb1 O-O 15.
Qe2 a5 16.Ne5 a4 17.Bc1 a3 18.b3 Qa5 19.Rd3 Rad8 20.Nc4 Qa6 21.Nf5 exf5 
22.Qxe7 Ne4 23.Rf1 Ndc5 24.Rf3 Na4 25.Qb4 b5 26.Ne5 Nb6 27.Nxc6 Nd5 28.
Ne7+ Nxe7 29.Qxe7 b4 30.c4 Rxd4 31.Qxb4 Rfd8 32.Re1 Nd2+ 33.Bxd2 Rxd2 34.
Re8+ Rxe8 35.Qxd2 Qf6 36.Re3 Rd8 37.Qc3 Qh4 38.Qe1 Kh7 39.Kc2 Qxh5 40.Rd3 
Rxd3 41.Kxd3 Qg6 42.Qe5 Qg4 43.Kc3 f6 44.Qd5 Qf4 45.Kb4 Qxf2 46.Kxa3 Qc2 
47.c5 f4 48.c6 f5 49.Kb4 h5 50.Kb5 h4 51.Kb6 h3 52.gxh3 g6 53.c7 Kh6 54.
Kb7 1-0

[Event "3rd EUR-ch"]
[Site "Batumi GEO"]
[Date "2002.06.15"]
[Round "4"]
[White "Yegiazarian, Arsen"]
[Black "Kekelidze, Mikheil"]
[Result "0-1"]
[WhiteElo "2567"]
[BlackElo "2477"]
[EventDate "2002.06.12"]
[PlyCount "88"]

1.d4 Nf6 2.Nf3 c5 3.d5 d6 4.Nc3 g6 5.e4 Bg7 6.Bc4 O-O 7.O-O Na6 8.h3 Nd7 
9.Bf4 Qa5 10.Qe2 Nb6 11.Nd2 Bxc3 12.bxc3 Qxc3 13.Rab1 Nb4 14.Bh6 Nxc4 15.
Nxc4 Qxc2 16.Qxc2 Nxc2 17.Bxf8 Kxf8 18.f4 b5 19.Na5 b4 20.Rb2 Na3 21.e5 
Bd7 22.Rf3 Nb5 23.Re3 Nc3 24.Rd2 Rb8 25.exd6 exd6 26.Nc4 Nb5 27.Kf2 h5 28.
a3 a5 29.axb4 axb4 30.Ra2 Nc3 31.Rd2 Ba4 32.Re1 Rd8 33.Kf3 Bb3 34.Nb6 Na4 
35.Nxa4 Bxa4 36.Ra1 Bb3 37.Ra7 c4 38.Rc7 c3 39.Rd4 Rb8 40.Ke3 Bc2 41.Rdc4 
b3 42.Ra7 g5 43.Rcc7 gxf4+ 44.Kd4 Bg6 0-1

[Event "3rd EUR-ch"]
[Site "Batumi GEO"]
[Date "2002.06.15"]
[Round "4"]
[White "Bagaturov, Giorgi"]
[Black "Delchev, Alexander"]
[Result "0-1"]
[WhiteElo "2434"]
[BlackElo "2550"]
[EventDate "2002.06.12"]
[PlyCount "168"]

1.d4 Nf6 2.c4 g6 3.Nf3 Bg7 4.g3 O-O 5.Bg2 c6 6.Nc3 d6 7.O-O Qa5 8.e4 Bg4 
9.h3 Bxf3 10.Bxf3 Nbd7 11.Be3 c5 12.d5 Qb4 13.a3 Qxb2 14.Na4 Qe5 15.Rb1 
Nb6 16.Nxb6 axb6 17.Rxb6 Nxe4 18.Bf4 Qf5 19.Rxb7 Nc3 20.Qe1 Qd3 21.Qe3 
Qxe3 22.Bxe3 Bf6 23.Rb3 Rfb8 24.Rxb8+ Rxb8 25.Bd2 Rb3 26.Rc1 Na2 27.Rc2 
Rxa3 28.Kg2 Nb4 29.Rc1 Ra2 30.Be3 Nc2 31.Bf4 Bd4 32.Be2 Nb4 33.Kf1 Kg7 34.
Rd1 Bc3 35.Bg5 f6 36.Bf4 f5 37.Bg5 Bf6 38.Bd2 g5 39.Kg2 h6 40.Kf1 Be5 41.
Kg2 Kf6 42.Kf1 Rc2 43.Ke1 Rb2 44.Kf1 Na2 45.Bd3 f4 46.gxf4 gxf4 47.Kg2 Rb3
48.Be4 Rb2 49.Kf3 Rb3+ 50.Kg2 h5 51.Re1 Nc3 52.Bxc3 Rxc3 53.Bf3 Rxc4 54.
Bxh5 Kg5 55.Bf3 Rc2 56.Be4 Ra2 57.Rc1 Bd4 58.Rc2 Ra3 59.Bf3 Kh4 60.Re2 Be5
61.Rc2 Ra8 62.Bg4 Ra4 63.Bf3 c4 64.Re2 c3 65.Rc2 Ra1 66.Be2 Re1 67.Bf3 Kg5
68.Bg4 Bd4 69.Bd7 Rb1 70.Kf3 Rb2 71.Ba4 Kf5 72.Rxb2 cxb2 73.Bc2+ Ke5 74.h4
Kxd5 75.Kxf4 Bxf2 76.h5 Kd4 77.Kf3 Be3 78.Bb1 d5 79.Ke2 Bh6 80.Kd1 Kc3 81.
Ke2 e5 82.Kd1 e4 83.Ke2 Bg5 84.Kd1 d4 0-1

[Event "3rd EUR-ch"]
[Site "Batumi GEO"]
[Date "2002.06.15"]
[Round "4"]
[White "Arutinian, David"]
[Black "Mchedlishvili, Mikheil"]
[Result "1/2-1/2"]
[WhiteElo "2427"]
[BlackElo "2540"]
[EventDate "2002.06.12"]
[PlyCount "31"]

1.e4 c5 2.Nf3 d6 3.d4 cxd4 4.Nxd4 Nf6 5.Nc3 a6 6.Be2 e5 7.Nb3 Be7 8.O-O 
O-O 9.a4 Be6 10.f4 exf4 11.Bxf4 Nc6 12.Kh1 Ne8 13.Nd5 Bg5 14.Bg3 Bh4 15.
Bf4 Bg5 16.Bg3 1/2-1/2

[Event "3rd EUR-ch"]
[Site "Batumi GEO"]
[Date "2002.06.15"]
[Round "4"]
[White "Riazantsev, Alexander"]
[Black "Shengelia, Davit"]
[Result "1/2-1/2"]
[WhiteElo "2527"]
[BlackElo "2415"]
[EventDate "2002.06.12"]
[PlyCount "176"]

1.d4 Nf6 2.Nf3 e6 3.c4 b6 4.g3 Bb4+ 5.Bd2 a5 6.Bg2 Bb7 7.O-O O-O 8.Nc3 d6 
9.b3 Nbd7 10.a3 Bxc3 11.Bxc3 Qe7 12.Qc2 Ne4 13.Bb2 f5 14.Rad1 Ndf6 15.Ne1 
a4 16.b4 d5 17.Nd3 dxc4 18.Qxc4 Bd5 19.Qc1 Nd6 20.Ne5 Rfc8 21.f3 b5 22.
Rde1 Ra6 23.Qc2 Nd7 24.Nd3 Bb3 25.Qc3 Nc4 26.e4 Nxb2 27.Nxb2 fxe4 28.fxe4 
e5 29.d5 Rh6 30.Rf5 c5 31.Bf1 Qd8 32.Rc1 c4 33.Nd3 Qb6+ 34.Nf2 Rf8 35.
Rxf8+ Kxf8 36.Bg2 Rf6 37.Bf3 h5 38.h4 g6 39.Kg2 Qd4 40.Nh3 Ke7 41.Ng1 Qd3 
42.Qb2 Kd6 43.Rc3 Qd4 44.Ne2 Qb6 45.Qd2 Qa7 46.Qe3 Qxe3 47.Rxe3 Kc7 48.g4 
hxg4 49.Bxg4 Bd1 50.Bxd7 Kxd7 51.Nc3 Bc2 52.Rf3 Rb6 53.Kg3 Ke7 54.Kg4 Rb8 
55.Kg5 Rh8 56.Rh3 Kf7 57.Rh2 Bd3 58.Nxb5 Kg7 59.Nc3 Rf8 60.Kg4 Rf1 61.d6 
Kf7 62.Nxa4 Bxe4 63.Rd2 c3 64.Nxc3 Bf5+ 65.Kg3 Ke8 66.Re2 Kd7 67.Rxe5 Kxd6
68.Re3 Rg1+ 69.Kf3 Rg4 70.Ne4+ Kc6 71.Rc3+ Kb6 72.Nf6 Rxh4 73.Nd5+ Kb7 74.
Ne3 Bd7 75.Rc5 Rh5 76.Rc1 g5 77.Rg1 Bc6+ 78.Kg3 Rh4 79.Rc1 Bd7 80.Nd5 Bc6 
81.Ne3 Bd7 82.Nc4 Rh3+ 83.Kg2 g4 84.Kf2 Rf3+ 85.Kg2 Rh3 86.Kf2 Rf3+ 87.Kg1
Rg3+ 88.Kf2 Rf3+ 1/2-1/2

[Event "3rd EUR-ch"]
[Site "Batumi GEO"]
[Date "2002.06.15"]
[Round "4"]
[White "Anastasian, Ashot"]
[Black "Petrov, Marijan"]
[Result "1-0"]
[WhiteElo "2591"]
[BlackElo "2469"]
[EventDate "2002.06.12"]
[PlyCount "79"]

1.d4 g6 2.c4 Bg7 3.Nc3 c5 4.d5 d6 5.e4 e6 6.Nf3 Nf6 7.h3 O-O 8.Bd3 Na6 9.
Be3 Nc7 10.Nd2 Bd7 11.a4 e5 12.g4 Na6 13.Be2 Nb4 14.Kf1 a6 15.h4 Ne8 16.
Kg2 Nc7 17.a5 Rb8 18.g5 f5 19.exf5 gxf5 20.f4 e4 21.Nf1 b5 22.axb6 Rxb6 
23.Ng3 Nd3 24.Bxd3 Rxb2+ 25.Nce2 exd3 26.Qxd3 Re8 27.Rab1 Qb8 28.Rxb2 Qxb2
29.Rb1 Rxe3 30.Qxe3 Qxb1 31.Qe7 Nxd5 32.Qxd7 Ne3+ 33.Kf3 Nd1 34.Qe6+ Kf8 
35.Qxd6+ Kf7 36.Qd5+ Ke8 37.Nxf5 Qb3+ 38.Kg4 Nf2+ 39.Kh5 Bf8 40.Qc6+ 1-0

[Event "3rd EUR-ch"]
[Site "Batumi GEO"]
[Date "2002.06.15"]
[Round "4"]
[White "Minasian, Artashes"]
[Black "Cheparinov, Ivan"]
[Result "1/2-1/2"]
[WhiteElo "2572"]
[BlackElo "2457"]
[EventDate "2002.06.12"]
[PlyCount "162"]

1.e4 c5 2.Nf3 d6 3.Bc4 Nf6 4.d3 Nc6 5.c3 a6 6.Bb3 Bg4 7.h3 Bh5 8.Nbd2 e6 
9.Qe2 Be7 10.Bc2 d5 11.g4 Bg6 12.Nh4 Qc7 13.Ng2 O-O-O 14.f4 c4 15.d4 Nxe4 
16.Nxe4 dxe4 17.Be3 Kb8 18.Qxc4 Qd7 19.Qe2 f5 20.O-O-O Rc8 21.Kb1 Na5 22.
Bc1 Bd6 23.Rhf1 Qc7 24.Ne3 Be8 25.gxf5 Bb5 26.Qg4 exf5 27.Qxf5 Bxf1 28.
Rxf1 Rce8 29.Qd5 Bxf4 30.Rxf4 Qxf4 31.Qxa5 Rhf8 32.c4 Qg3 33.c5 Rf3 34.Qc3
Qxh3 35.c6 Qc8 36.d5 Qc7 37.Qb4 g5 38.Ba4 Rd8 39.cxb7 Qxb7 40.Qa5 Rc8 41.
Bc6 Rxc6 42.dxc6 Qxc6 43.Qxg5 Qd6 44.Qg8+ Rf8 45.Qxh7 Qd3+ 46.Ka1 Rc8 47.
Qh2+ Ka8 48.Qd2 Rh8 49.Qxd3 exd3 50.Nc4 Kb7 51.b3 Rh2 52.Bd2 Kc6 53.Kb2 
Kd5 54.Kc3 Rh3 55.a4 Rg3 56.Ne3+ Ke4 57.Nd1 Rf3 58.Kc4 Rg3 59.Kc3 Rg2 60.
b4 Rh2 61.Nb2 Rf2 62.Nc4 Rf8 63.Nd6+ Kd5 64.Nb7 Rc8+ 65.Kxd3 Rh8 66.Na5 
Rh3+ 67.Kc2 Ra3 68.Kb2 Rxa4 69.Nb7 Kc6 70.Nc5 Ra5 71.Nb3 Rd5 72.Kc3 Kb5 
73.Be3 Rd8 74.Bc5 Rd5 75.Bf2 Rd8 76.Na5 Rc8+ 77.Kb3 Rf8 78.Bd4 Rf3+ 79.Bc3
Rf1 80.Nc4 Rb1+ 81.Bb2 Rxb2+ 1/2-1/2

[Event "3rd EUR-ch"]
[Site "Batumi GEO"]
[Date "2002.06.15"]
[Round "4"]
[White "Kempinski, Robert"]
[Black "Velicka, Petr"]
[Result "1/2-1/2"]
[WhiteElo "2570"]
[BlackElo "2437"]
[EventDate "2002.06.12"]
[PlyCount "98"]

1.d4 d5 2.c4 c6 3.Nc3 Nf6 4.e3 a6 5.Nf3 b5 6.b3 Bg4 7.Bd3 Nbd7 8.O-O e5 9.
dxe5 Nxe5 10.Be2 Bxf3 11.gxf3 dxc4 12.bxc4 Be7 13.cxb5 axb5 14.Qxd8+ Rxd8 
15.f4 Nd3 16.Bf3 O-O 17.Bxc6 Rc8 18.Nd5 Nxd5 19.Bxd5 Nxc1 20.Raxc1 Rfd8 
21.Bb3 Ba3 22.Rb1 Rd2 23.Kg2 Kf8 24.Kf3 Rcd8 25.Rg1 h6 26.Rg4 Rb2 27.Rbg1 
g6 28.Rh4 Rdd2 29.Rg2 Kg7 30.f5 g5 31.Rhg4 Be7 32.Re4 Kf6 33.h4 Bd6 34.
Reg4 Kxf5 35.hxg5 Rxf2+ 36.Rxf2 Rxf2+ 37.Kxf2 Kxg4 38.gxh6 f5 39.h7 Be5 
40.Be6 Kg5 41.Ke2 Kg6 42.Bg8 Kg7 43.Kd3 Bf6 44.Kc2 Bg5 45.Kd2 Kh8 46.Kd3 
Bf6 47.Be6 Kxh7 48.Bxf5+ Kg7 49.Kc2 b4 1/2-1/2

[Event "3rd EUR-ch"]
[Site "Batumi GEO"]
[Date "2002.06.15"]
[Round "4"]
[White "Goloshchapov, Alexander"]
[Black "Shanava, Konstantine"]
[Result "1-0"]
[WhiteElo "2543"]
[BlackElo "2390"]
[EventDate "2002.06.12"]
[PlyCount "73"]

1.e4 c5 2.Nf3 d6 3.d4 cxd4 4.Nxd4 Nf6 5.Nc3 a6 6.Be3 e5 7.Nb3 Be6 8.f3 
Nbd7 9.g4 b5 10.g5 b4 11.Ne2 Nh5 12.Qd2 a5 13.Ng3 Nxg3 14.hxg3 a4 15.Nc1 
Qa5 16.Bh3 d5 17.exd5 Qxd5 18.Qxd5 Bxd5 19.Nd3 Rd8 20.Kf2 Bd6 21.Rhd1 Bc6 
22.c3 bxc3 23.bxc3 e4 24.Nb4 Bxb4 25.cxb4 Ne5 26.Rxd8+ Kxd8 27.Bb6+ Ke7 
28.Bc5+ Kd8 29.Bb6+ Ke7 30.fxe4 h6 31.Bc5+ Ke8 32.g6 fxg6 33.Ke3 Nd7 34.
Bd6 Nf6 35.e5 Ne4 36.Bg2 Nxd6 37.Bxc6+ 1-0

[Event "3rd EUR-ch"]
[Site "Batumi GEO"]
[Date "2002.06.15"]
[Round "4"]
[White "Bae, Torstein"]
[Black "Bagirov, Rufat"]
[Result "1/2-1/2"]
[WhiteElo "2314"]
[BlackElo "2516"]
[EventDate "2002.06.12"]
[PlyCount "35"]

1.c4 e6 2.d4 d5 3.Nc3 Bb4 4.Nf3 Nf6 5.cxd5 exd5 6.Bg5 Nbd7 7.e3 c5 8.Bd3 
Qa5 9.Qc2 c4 10.Bf5 O-O 11.O-O Re8 12.Nd2 g6 13.Bxd7 Nxd7 14.h4 Nb6 15.Nb3
Qa6 16.Nc5 Qa5 17.Nb3 Qa6 18.Nc5 1/2-1/2

[Event "3rd EUR-ch"]
[Site "Batumi GEO"]
[Date "2002.06.15"]
[Round "4"]
[White "Guseinov, Gadir"]
[Black "Dovliatov, Sanan"]
[Result "1-0"]
[WhiteElo "2510"]
[BlackElo "2318"]
[EventDate "2002.06.12"]
[PlyCount "77"]

1.e4 e5 2.Nf3 Nc6 3.Bb5 Nf6 4.O-O Nxe4 5.d4 Nd6 6.Bxc6 dxc6 7.dxe5 Nf5 8.
Qxd8+ Kxd8 9.b3 a5 10.a4 Bb4 11.Bb2 Be6 12.Nbd2 Ke8 13.Rad1 Rd8 14.h3 h6 
15.g4 Ne7 16.Nd4 h5 17.Nxe6 fxe6 18.c3 Bc5 19.Ne4 Rxd1 20.Rxd1 Bb6 21.Ng5 
Rh6 22.Kg2 hxg4 23.hxg4 Rg6 24.Bc1 Nd5 25.Rd3 Ke7 26.Rh3 Be3 27.Rxe3 Rxg5 
28.Re4 Rg6 29.Bd2 c5 30.g5 Kd7 31.Rh4 Ne7 32.Rh8 Kc6 33.Rd8 c4 34.bxc4 Kc5
35.Rd7 Nc6 36.f4 Kxc4 37.Kg3 Kb3 38.Rxc7 Kc2 39.Rd7 1-0

[Event "3rd EUR-ch"]
[Site "Batumi GEO"]
[Date "2002.06.15"]
[Round "4"]
[White "Sulashvili, Malkhaz"]
[Black "Radulski, Yulian"]
[Result "1/2-1/2"]
[WhiteElo "2254"]
[BlackElo "2501"]
[EventDate "2002.06.12"]
[PlyCount "94"]

1.e4 e5 2.Nf3 Nc6 3.Nc3 Nf6 4.g3 d5 5.exd5 Nxd5 6.Bg2 Nxc3 7.bxc3 Bd6 8.
O-O O-O 9.d3 h6 10.Rb1 Rb8 11.Nd2 Be6 12.c4 Qd7 13.Ne4 Be7 14.Be3 b6 15.f4
exf4 16.Bxf4 Rbd8 17.Kh1 Nd4 18.Nc3 Bd6 19.Bxd6 Qxd6 20.Qc1 Rfe8 21.Nb5 
Nxb5 22.Rxb5 c5 23.Rb1 Bd7 24.Qd2 Bc6 25.Rbe1 Bxg2+ 26.Qxg2 Re7 27.Re4 
Rde8 28.Rfe1 g6 29.R1e3 Kg7 30.Kg1 Rxe4 31.Rxe4 Rxe4 32.Qxe4 Qd4+ 33.Kg2 
Qxe4+ 34.dxe4 Kf6 35.Kf3 Ke5 36.c3 f6 37.Ke3 h5 38.h3 a6 39.a4 Kd6 40.Kf4 
Ke6 41.g4 hxg4 42.hxg4 Kd6 43.Kf3 Ke7 44.Kf4 Ke6 45.Kf3 Kf7 46.Kf4 Kg7 47.
e5 Kf7 1/2-1/2

[Event "3rd EUR-ch"]
[Site "Batumi GEO"]
[Date "2002.06.15"]
[Round "4"]
[White "Potkin, Vladimir"]
[Black "Chigladze, Iveri"]
[Result "1-0"]
[WhiteElo "2493"]
[BlackElo "2149"]
[EventDate "2002.06.12"]
[PlyCount "114"]

1.e4 Nf6 2.e5 Nd5 3.c4 Nb6 4.c5 Nd5 5.Bc4 e6 6.d4 b6 7.Bxd5 exd5 8.Nf3 
bxc5 9.dxc5 c6 10.Qd4 a5 11.Be3 Na6 12.Qc3 Qe7 13.Qxa5 Rb8 14.O-O Rb5 15.
Qa3 Qd8 16.Nc3 Bxc5 17.Bxc5 Rxc5 18.Nd2 Ra5 19.Qd6 Nc7 20.Nb3 Ra7 21.f4 
Qe7 22.Rfe1 g6 23.Nd4 Kf8 24.Qxe7+ Kxe7 25.b3 Ne6 26.Nxe6 dxe6 27.Na4 Bd7 
28.Nc5 Rb8 29.a3 Rba8 30.a4 Rb8 31.Kf2 Rb4 32.g3 Kd8 33.Ke3 Kc7 34.Rac1 
Ra5 35.Red1 Bc8 36.Rd4 Rxd4 37.Kxd4 Ra8 38.b4 Kb6 39.g4 Ra7 40.h4 Ba6 41.
Rc2 Bf1 42.Rh2 Rc7 43.h5 Re7 44.Kc3 Bc4 45.Rf2 Kc7 46.Kd4 Re8 47.hxg6 fxg6
48.f5 exf5 49.gxf5 gxf5 50.Rxf5 Re7 51.Rf6 h5 52.Rh6 Be2 53.Ne6+ Kd7 54.
Nf4 Bd1 55.a5 Rg7 56.Kc5 Rg4 57.Rh7+ Ke8 1-0

[Event "3rd EUR-ch"]
[Site "Batumi GEO"]
[Date "2002.06.15"]
[Round "4"]
[White "Bayram, Yakup"]
[Black "Volkov, Sergei"]
[Result "0-1"]
[WhiteElo "2312"]
[BlackElo "2609"]
[EventDate "2002.06.12"]
[PlyCount "136"]

1.d4 d5 2.c4 e6 3.Nc3 c6 4.cxd5 exd5 5.Qc2 Ne7 6.Bg5 h6 7.Bf4 Bf5 8.Qd2 
Ng6 9.Bg3 Nd7 10.e3 Nf6 11.f3 Bd6 12.Bf2 Qe7 13.g3 O-O-O 14.Nge2 Kb8 15.
Bg2 h5 16.h3 Nf8 17.O-O-O g5 18.Rde1 N8d7 19.e4 dxe4 20.Qxg5 exf3 21.Bxf3 
Be6 22.Nf4 h4 23.Nxe6 fxe6 24.gxh4 Rdf8 25.Rhf1 Rhg8 26.Qa5 Nb6 27.a3 Qh7 
28.Ne4 Bf4+ 29.Kd1 Rd8 30.Qc5 e5 31.Qc2 Nfd5 32.Nc5 Qh6 33.Bxd5 Nxd5 34.
Qf5 exd4 35.Kc2 b6 36.Ne6 d3+ 37.Kb1 d2 38.Rd1 Rgf8 39.Nxf8 Rxf8 40.Qc2 
Re8 41.h5 Re6 42.Bg1 Qxh5 43.Rxf4 Nxf4 44.Qxd2 Nd5 45.Bh2+ Kb7 46.Rg1 Qxh3
47.Rg7+ Ka6 48.Bb8 Qf1+ 49.Ka2 Qc4+ 50.b3 Qf1 51.Rxa7+ Kb5 52.a4+ Kc5 53.
Qc2+ Kd4 54.Qd2+ Ke4 55.Qc2+ Ke3 56.Qc4 Qf2+ 57.Ka3 Qf8+ 58.Kb2 Qxb8 59.
Rh7 Qe5+ 60.Ka2 Nc3+ 61.Ka3 Qc5+ 62.Qxc5+ bxc5 63.b4 c4 64.b5 cxb5 65.axb5
Nd5 66.Ka4 Kd4 67.Ka5 c3 68.Rh4+ Kd3 0-1

[Event "3rd EUR-ch"]
[Site "Batumi GEO"]
[Date "2002.06.15"]
[Round "4"]
[White "Yilmaz, Turhan"]
[Black "Aronian, Levon"]
[Result "0-1"]
[WhiteElo "2303"]
[BlackElo "2571"]
[EventDate "2002.06.12"]
[PlyCount "102"]

1.e4 c6 2.d4 d5 3.f3 e6 4.Be3 Nf6 5.e5 Nfd7 6.c3 Qb6 7.Qd2 c5 8.f4 Qc6 9.
Nf3 b6 10.Na3 Ba6 11.Bxa6 Nxa6 12.O-O Nc7 13.Nc2 Be7 14.Nce1 a5 15.Nd3 c4 
16.Nf2 b5 17.a3 b4 18.axb4 axb4 19.g4 O-O 20.f5 Rxa1 21.Rxa1 Ra8 22.Rxa8+ 
Qxa8 23.Bg5 bxc3 24.bxc3 Qa1+ 25.Kg2 Bf8 26.f6 g6 27.Bh6 Ba3 28.Qd1 Bb2 
29.Qxa1 Bxa1 30.Nd1 Nb6 31.Ng1 Na4 32.Ne2 Nb5 33.Bd2 Kf8 34.g5 Ke8 35.h4 
Kd7 36.h5 Na3 37.hxg6 hxg6 38.Kf3 Nb1 39.Be1 Nb2 40.Nxb2 Bxb2 41.Ke3 Kc6 
42.Bd2 Kb5 43.Nf4 Ka4 44.Nxd5 exd5 45.Be1 Ba3 46.e6 fxe6 47.f7 Kb5 48.Bg3 
Kc6 49.Kf4 Bd6+ 50.Ke3 Bf8 51.Kf4 Kd6 0-1

[Event "3rd EUR-ch"]
[Site "Batumi GEO"]
[Date "2002.06.15"]
[Round "4"]
[White "Kantaria, Mikheil"]
[Black "Zhukova, Natalia"]
[Result "0-1"]
[WhiteElo "2259"]
[BlackElo "2425"]
[EventDate "2002.06.12"]
[PlyCount "64"]

1.d4 d5 2.c4 c6 3.Nf3 Nf6 4.e3 Bf5 5.Nc3 e6 6.Nh4 Be4 7.f3 Bg6 8.Qb3 Qb6 
9.Bd2 Qxb3 10.axb3 Bc2 11.g4 Bxb3 12.g5 Nfd7 13.cxd5 exd5 14.Bd3 Nb6 15.e4
dxe4 16.Nxe4 Bc4 17.Bc2 Na6 18.b3 Nb4 19.Bxb4 Bxb4+ 20.Kf2 Be6 21.f4 O-O 
22.Rhg1 Nd5 23.Kf3 f5 24.gxf6 Nxf6 25.Rg5 Bd5 26.Rag1 Rae8 27.Re5 Bd6 28.
Rxg7+ Kh8 29.Rgg5 Bxe5 30.dxe5 Nxe4 31.Bxe4 Bxb3 32.Rh5 Bd1+ 0-1

[Event "3rd EUR-ch"]
[Site "Batumi GEO"]
[Date "2002.06.15"]
[Round "4"]
[White "Asylguzhin, Radik"]
[Black "Citak, Selim"]
[Result "1-0"]
[WhiteElo "2387"]
[BlackElo "2035"]
[EventDate "2002.06.12"]
[PlyCount "99"]

1.e4 e5 2.Nf3 Nc6 3.d4 exd4 4.Nxd4 Nf6 5.Nxc6 bxc6 6.e5 Qe7 7.Qe2 Nd5 8.c4
Ba6 9.b3 Qh4 10.a3 Bc5 11.g3 Bxf2+ 12.Qxf2 Qe4+ 13.Kd2 Qxh1 14.Nc3 Nxc3 
15.Kxc3 Qe4 16.Bf4 Qg6 17.Qc5 Qe6 18.Qa5 c5 19.Qxc5 Qb6 20.Qd5 Bb7 21.Qd3 
O-O 22.Bh3 d5 23.exd6 cxd6 24.Qxd6 Qf2 25.Qd2 Qf3+ 26.Qe3 Qh5 27.Bf1 Rfe8 
28.Qf2 Qf5 29.Be3 Qa5+ 30.Kb2 Rad8 31.Bd4 a6 32.Bc3 Qc7 33.Be2 Be4 34.Re1 
Qd7 35.Rd1 Qb7 36.Rd4 Bg6 37.Bf3 Qb6 38.Bd5 Qc7 39.Qd2 Rb8 40.Rf4 Qb6 41.
b4 Qg1 42.Kb3 Qb1+ 43.Ka4 Bc2+ 44.Ka5 Qb3 45.Bxf7+ Kh8 46.Bxg7+ Kxg7 47.
Qd4+ Kf8 48.Qd6+ Re7 49.Qxb8+ Kg7 50.Qg8+ 1-0

[Event "3rd EUR-ch"]
[Site "Batumi GEO"]
[Date "2002.06.15"]
[Round "4"]
[White "Duman, Aydin"]
[Black "Aroshidze, Levan"]
[Result "0-1"]
[WhiteElo "2155"]
[BlackElo "2346"]
[EventDate "2002.06.12"]
[PlyCount "110"]

1.e4 c5 2.Nc3 Nc6 3.g3 g6 4.Bg2 Bg7 5.d3 d6 6.f4 e6 7.Nf3 Nge7 8.O-O O-O 
9.Be3 Nd4 10.e5 dxe5 11.Nxe5 Rb8 12.Ne4 b6 13.c3 Ndf5 14.Bf2 Qc7 15.Qe2 
Bb7 16.a3 Nd6 17.Nxd6 Bxg2 18.Kxg2 Qxd6 19.d4 cxd4 20.Bxd4 Nf5 21.Rad1 Qc7
22.Qe4 Rbd8 23.Bf2 Rd6 24.Rxd6 Qxd6 25.Nc4 Qd7 26.g4 Ne7 27.Qf3 Qb5 28.Qe4
Qb3 29.Rb1 Nd5 30.Nd2 Qa2 31.Qc4 Qxc4 32.Nxc4 Nxf4+ 33.Kf3 Nd5 34.Rd1 Rd8 
35.Bh4 Rd7 36.Bg3 Kf8 37.Bb8 Ke7 38.a4 a6 39.h3 b5 40.axb5 axb5 41.Na5 Kd8
42.Bg3 Kc8 43.Bf2 Nb6 44.Rxd7 Nxd7 45.Ke4 Kc7 46.Nb3 f5+ 47.gxf5 gxf5+ 48.
Kf4 Bh6+ 49.Kg3 e5 50.Kf3 Kd6 51.Na1 Bc1 52.Nc2 Bxb2 53.Be1 Bc1 54.Nb4 Nc5
55.Bf2 Bd2 0-1

[Event "3rd EUR-ch"]
[Site "Batumi GEO"]
[Date "2002.06.15"]
[Round "4"]
[White "Ataman, Alper"]
[Black "Haznedaroglu, Kivanc"]
[Result "1/2-1/2"]
[WhiteElo "2191"]
[BlackElo "2345"]
[EventDate "2002.06.12"]
[PlyCount "46"]

1.d4 Nf6 2.c4 e6 3.Nf3 b6 4.e3 Bb7 5.Bd3 Bb4+ 6.Nbd2 c5 7.O-O O-O 8.dxc5 
Bxc5 9.a3 a5 10.b3 Nc6 11.Bb2 d5 12.cxd5 Nxd5 13.Ne4 Be7 14.Qe2 f5 15.Nc3 
Nxc3 16.Bxc3 Bf6 17.Rac1 Rc8 18.Bxf6 Qxf6 19.Ba6 Qe7 20.Bxb7 Qxb7 21.Qc4 
Rfe8 22.Qb5 Na7 23.Qe5 Qe7 1/2-1/2

[Event "3rd EUR-ch"]
[Site "Batumi GEO"]
[Date "2002.06.15"]
[Round "4"]
[White "Danner, Georg"]
[Black "Urushadze, Davit"]
[Result "1-0"]
[WhiteElo "2407"]
[BlackElo "2272"]
[EventDate "2002.06.12"]
[PlyCount "63"]

1.d4 Nf6 2.Nf3 e6 3.e3 b6 4.Bd3 Bb7 5.O-O d5 6.b3 Be7 7.Bb2 Nbd7 8.c4 O-O 
9.Nc3 c5 10.cxd5 exd5 11.Rc1 a6 12.Ne2 g6 13.Ng3 Re8 14.Qe2 Bd6 15.Rfd1 
Qe7 16.Rc2 b5 17.dxc5 Nxc5 18.Nd4 Bxg3 19.hxg3 Nxd3 20.Qxd3 Rac8 21.Rdc1 
Qe4 22.Qd2 Rxc2 23.Rxc2 Rc8 24.f3 Qe7 25.Rxc8+ Bxc8 26.Qc3 Bb7 27.Nc2 Kg7 
28.g4 h6 29.b4 g5 30.Kf2 Kg6 31.Nd4 Qe5 32.Qc2+ 1-0

[Event "3rd EUR-ch"]
[Site "Batumi GEO"]
[Date "2002.06.15"]
[Round "4"]
[White "Matnadze, Ana"]
[Black "Essing, Arnold"]
[Result "1-0"]
[WhiteElo "2365"]
[BlackElo "2286"]
[EventDate "2002.06.12"]
[PlyCount "83"]

1.d4 d5 2.g3 Bg4 3.Bg2 e6 4.Nf3 Nd7 5.O-O Bd6 6.c4 c6 7.Qb3 Rb8 8.Nc3 Ngf6
9.Nd2 O-O 10.e4 dxe4 11.Ndxe4 Nxe4 12.Nxe4 Bc7 13.Bg5 f6 14.Bf4 Bxf4 15.
gxf4 Qc7 16.Qg3 Bf5 17.Rfe1 c5 18.d5 exd5 19.cxd5 Rbe8 20.d6 Qb6 21.Qb3+ 
Qxb3 22.axb3 a6 23.Ng3 Bc2 24.Bxb7 Bxb3 25.Bxa6 Nb6 26.Ne4 c4 27.Nc5 Rd8 
28.Ne6 Rxd6 29.Nxf8 Kxf8 30.Bb5 Rd5 31.Bc6 Rd6 32.Re8+ Kf7 33.Ra7+ Kg6 34.
Be4+ f5 35.Bf3 Na4 36.Ree7 Kh6 37.h4 Nxb2 38.h5 Rd4 39.Rxg7 Rxf4 40.Rg3 
Rxf3 41.Rxf3 Bc2 42.Ra6+ 1-0

[Event "3rd EUR-ch"]
[Site "Batumi GEO"]
[Date "2002.06.15"]
[Round "4"]
[White "Gassanov, Assif"]
[Black "Kamadadze, Zviad"]
[Result "1/2-1/2"]
[WhiteElo "2319"]
[BlackElo "2225"]
[EventDate "2002.06.12"]
[PlyCount "154"]

1.e4 e6 2.d4 d5 3.Nd2 Nf6 4.e5 Nfd7 5.Bd3 c5 6.c3 Nc6 7.Ne2 Qb6 8.Nf3 f6 
9.exf6 Nxf6 10.O-O cxd4 11.cxd4 Bd6 12.Bf4 Bxf4 13.Nxf4 O-O 14.Re1 Qxb2 
15.Nxe6 Bxe6 16.Rxe6 Rae8 17.Rxe8 Rxe8 18.Rb1 Qxa2 19.Rxb7 Qa5 20.h3 Nd8 
21.Rb8 Qc7 22.Qb1 Qe7 23.Qb5 Ne6 24.Rxe8+ Qxe8 25.Qa6 Qe7 26.Bf5 Nd8 27.
Ne5 g6 28.Bd3 Kg7 29.Qa5 Ne6 30.Qa4 Qc7 31.g3 Qb6 32.Qa3 Qc7 33.Qa4 a5 34.
Nc6 Qd7 35.Bb5 Ng5 36.h4 Nge4 37.Qxa5 Qf5 38.Qa2 Kh6 39.Ne5 Ng4 40.Nxg4+ 
Qxg4 41.Qxd5 Qf3 42.Qa2 Qd1+ 43.Kg2 Qxd4 44.Bc6 Nf6 45.Bf3 Kg7 46.Qe6 Qd7 
47.Qe5 Qe8 48.Qc7+ Qf7 49.Qc3 h5 50.Qe5 Qe8 51.Qxe8 Nxe8 52.Bc6 Nd6 53.Kf3
Kf6 54.Kf4 Nf5 55.Bb5 Nd6 56.Bd3 Nf7 57.f3 Ne5 58.Bb5 Nf7 59.Bc6 Ne5 60.
Bd5 Nd3+ 61.Ke3 Ne5 62.Ke4 Nd7 63.g4 hxg4 64.fxg4 Nc5+ 65.Kd4 Nd7 66.Bf3 
Kg7 67.Kd5 Nf8 68.Kd6 Nh7 69.g5 Nf8 70.Bg4 Nh7 71.Ke7 Nf8 72.Bc8 Nh7 73.
Ke6 Nf8+ 74.Ke5 Nh7 75.Kf4 Nf8 76.Kg4 Nh7 77.Ba6 Nf8 1/2-1/2

[Event "3rd EUR-ch"]
[Site "Batumi GEO"]
[Date "2002.06.15"]
[Round "4"]
[White "Dzhakaev, Dzhaka"]
[Black "Karadeniz, Emre"]
[Result "1/2-1/2"]
[WhiteElo "2425"]
[BlackElo "2307"]
[EventDate "2002.06.12"]
[PlyCount "34"]

1.Nf3 d5 2.d4 c6 3.c4 e6 4.Qc2 dxc4 5.Qxc4 b5 6.Qc2 Bb7 7.g3 Nd7 8.Bg2 c5 
9.dxc5 Bxc5 10.Nc3 Ngf6 11.a3 Rc8 12.Qd3 a6 13.O-O Qb6 14.Bd2 Ng4 15.Be1 
Nge5 16.Nxe5 Nxe5 17.Qc2 Bxg2 1/2-1/2